History Quiz

Random History or Politics Quiz

Non-Politician Presidential Candidates Quiz Stats

 Plays Quiz Updated Jan 3, 2018

Challenge
Share
Tweet
Embed
Score 0/15 Timer 05:00
1 Play Today
% Correct
Donald Trump
92.7%
George Washington
85.8%
Dwight Eisenhower
84.5%
Ross Perot
84%
Ulysses S. Grant
76.1%
Herbert Hoover
65.9%
William Taft
61.7%
Eugene Debs
61.5%
% Correct
Zachary Taylor
53.4%
George McClellan
51.8%
Wendell Willkie
50.8%
Winfield Scott
35.7%
Alton Parker
29.8%
Winfield S. Hancock
28.1%
William Wirt
26%

You're not logged in!

Compare scores with friends on all Sporcle quizzes.
OR
Log In

You Might Also Like...

Show Comments

Extras

Top Quizzes Today


Score Distribution

Your Account Isn't Verified!

In order to create a playlist on Sporcle, you need to verify the email address you used during registration. Go to your Sporcle Settings to finish the process.

Report this User

Report this user for behavior that violates our Community Guidelines.

Details: